000 00620nam a2200229Ia 4500
003 0100
008 130303s9999 xx 000 0 und d
040 _cARRUPELIB
050 _aB1198.L36 1993
100 _aLampert, Laurence
245 _aNietzsche and modern times
245 _ba study of Bacon, Descartes, and Nietzsche
260 _aNew Haven
260 _bYale University Press
260 _C1993
300 _axii
300 _b 475p. 23cm.
650 _bPhilosophy of nature--Congresses
650 _cEnvironmental ethics--Congresses
650 _dAfrica--Civilization--Congresses
942 0 0 _01
999 _c19147
_d19147